|
|
|
|
| LEADER |
00000nab a2200000 a 4500 |
| 001 |
vtls000117858 |
| 003 |
SK-MaSNL |
| 005 |
20260304063622.0 |
| 008 |
250422c1982 xo 0 slo |
| 015 |
|
|
|a SNBRB19rr/mm-uuuuu
|
| 035 |
|
|
|a CL0127963
|
| 035 |
|
|
|a (urnnbn)urn:nbn:sk:snk:ar-004vt2
|
| 035 |
|
|
|a (uuid)bf848dc5-cf54-48a7-9fe8-e4c72b557e36
|
| 035 |
|
|
|a urn:nbn:sk:snk-ab7y5z
|
| 040 |
|
|
|a SNKBUCL
|b slo
|c SNKBUCL
|e AACR2
|
| 041 |
0 |
|
|a slo
|
| 044 |
|
|
|a xo
|c SK
|
| 080 |
|
|
|a 930
|2 1981
|
| 100 |
1 |
|
|a Sopko, Július,
|d 1929-2020
|4 aut
|9 205169
|
| 245 |
1 |
0 |
|a K problematike kodikologického výskumu
|c Július Sopko
|
| 650 |
0 |
7 |
|a historiografia marxistická
|2 snkbucl
|9 956147
|
| 650 |
0 |
7 |
|a kodikológia
|2 snkbucl
|9 71511
|
| 650 |
0 |
7 |
|a kódexy literárne
|2 snkbucl
|9 1350263
|
| 655 |
|
7 |
|a články z novín a časopisov
|2 snkbucl
|9 267496
|
| 773 |
0 |
|
|t Historický časopis
|g Roč. 30, č. 1 (1982), s. 79-82
|
| 850 |
|
|
|a Slovenská národná knižnica
|
| 852 |
|
|
|a Slovenská národná knižnica
|
| 954 |
|
|
|a odborná, vedecká literatúra pôvodná (slovenská)
|2 lita
|
| 958 |
|
|
|a article9
|
| 958 |
|
|
|a OND
|
| 958 |
|
|
|a RK
|
| 958 |
|
|
|a EUIPO
|
| 992 |
|
|
|a RBX
|
| 999 |
|
|
|c 2743413
|d 2745343
|